000 00395nam a2200157Ia 4500
999 _c30023
_d30023
003 OSt
005 20250729103035.0
008 250310s9999||||xx |||||||||||||| ||und||
040 _c.
082 _a823
_bS8197
100 _94823
_aSteinbeck, John
245 0 _aOnce There Was a War /
_cJohn Steinbeck
260 _aLondon :
_bWilliam Heinemann Ltd,
_c1959.
300 _a233 p.
942 _cBK
_2ddc